Connecticut Attorneys General - Statistics

General Stats
  • This quiz has been taken 3 times
  • The average score is 10 of 25
Answer Stats
Years Served Party Answer % Correct
1991 - 2011 Democrat Richard Blumenthal
100%
1983 - 1989 Democrat Joe Lieberman
67%
2019 - Present Democrat William Tong
67%
1959 - 1963 Democrat Albert L. Coles
33%
1923 - 1927 Republican Benjamin W. Alling
33%
1975 - 1983 Democrat Carl R. Ajello
33%
1937 - 1938 Democrat Charles J. McLaughlin
33%
1899 - 1903 Republican Charles Phelps
33%
1989 - 1991 Democrat Clarine Nardi Riddle
33%
1938 - 1939 Democrat Dennis P. O'Connor
33%
1935 - 1937 Democrat Edward J. Daly
33%
1939 - 1945 Republican Francis A. Pallotti
33%
1919 - 1927 Republican Frank E. Healy
33%
1951 - 1953 Republican George C. Conway
33%
1915 - 1919 Republican George E. Hinman
33%
2011 - 2019 Democrat George Jepsen
33%
1963 - 1968 Democrat Harold M. Mulvey
33%
1910 - 1915 Republican John H. Light
33%
1955 - 1959 Republican John J. Bracken
33%
1907 - 1910 Republican Marcus H. Holcomb
33%
1968 - 1975 Democrat Robert K. Killian
33%
1931 - 1935 Republican Warren B. Burrows
33%
1903 - 1907 Republican William A. King
33%
1953 - 1955 Republican William L. Beers
33%
1945 - 1951 Republican William L. Hadden
33%
No matching quizzes found
Score Distribution
Percent of People with Each Score
Percentile by Number Answered
Your Score History
You have not taken this quiz